Juno - Sabrina Carpenter Lyrics - Statistics

General Stats
  • This quiz has been taken 24 times
  • The average score is 284 of 333
Answer Stats
Answer % Correct
a
100%
I
100%
juno
100%
know
100%
love
100%
make
100%
me
100%
so
100%
the
100%
who
100%
you
100%
in
95%
just
95%
on
95%
one
95%
to
95%
try
95%
and
90%
fall
90%
I'm
90%
is
90%
knows
90%
let
90%
life
90%
might
90%
then
90%
want
90%
your
90%
baby
86%
but
86%
cute
86%
ever
86%
for
86%
give
86%
have
86%
if
86%
it
86%
my
86%
oh
86%
positions
86%
tell
86%
this
86%
wanna
86%
explore
81%
hold
81%
of
81%
only
81%
some
81%
though
81%
touch
81%
tried
81%
adore
76%
Don't
76%
freaky
76%
fuckin
76%
mark
76%
right
76%
two
76%
dad's
71%
genetics
71%
get
71%
god
71%
horny
71%
out
71%
territory
71%
we
71%
ah
67%
bless
67%
down
67%
night
67%
thing
67%
tonight
67%
yeah
67%
ass
62%
babe
62%
friends
62%
hear
62%
hot
62%
like
62%
than
62%
way
62%
at
57%
butterflies
57%
come
57%
feel
57%
high
57%
knockin
57%
lock
57%
more
57%
objectified
57%
thinking
57%
are
52%
bout
52%
can't
52%
fit
52%
fived
52%
fuzzy
52%
hormones
52%
late
52%
showed
52%
sorry
52%
up
52%
whole
52%
handcuffs
48%
help
48%
myself
48%
package
48%
pink
48%
mm
38%
ooh
38%
uh
29%
No matching quizzes found
Score Distribution
Percent of People with Each Score
Percentile by Number Answered
Your Score History
You have not taken this quiz